00887nam a2200277Ia 4500003000400000005001700004008004100021020003000062040001700092082002100109100002000130245010400150250001200254260002500266300002700291440001000318500001900328650002500347650002300372650002500395700001500420700001600435942000900451952013400460999001500594IIN20250430131536.0250430s9999 xx 000 0 und d cRs.1150.00a9789390619573 aIINbEnglish a610.730693 bPAN1 aPandey, Sushma 1 aPrinciples and Procedures of Nursing Foundations (Vol.1) /cSushma Pandey, Avani Oke and Neena Nair a2nd ed. bCBSaNew Delhic2022 axix, 373 p.bcol. ill. vVol.1 aIncludes Index1 aFoundationvNursing 1 aNursing Foundation1 aProceduresvNursing 1 aOke, Avani1 aNair, Neena cBOOK 00102ddc40708PURSaIINbIINcGENd2025-03-11g1150.00l0o610.730693 PANp1960r2025-04-30 13:16:04tVol.1w2025-04-30yBOOK c1784d1784